Guess the 1970s song lyrics #189 - Statistics

General Stats
  • This quiz has been taken 21 times
  • The average score is 139 of 209
Answer Stats
Answer % Correct
I
100%
you
100%
a
94%
like
94%
Like
94%
man
88%
my
88%
the
88%
I'm
81%
me
81%
were
81%
and
75%
at
75%
in
75%
life
75%
lot
75%
Old
75%
old
75%
your
75%
look
69%
Look
69%
Love
69%
love
69%
of
69%
so
69%
take
69%
That
69%
that
69%
to
69%
To
69%
can
63%
much
63%
how
56%
I've
56%
more
56%
one
56%
there's
56%
don't
50%
eyes
50%
get
50%
makes
50%
won't
50%
24
44%
Ah
44%
day
44%
Give
44%
Live
44%
mean
44%
tell
44%
things
44%
all
38%
But
38%
goes
38%
home
38%
last
38%
lost
38%
need
38%
that's
38%
think
38%
time
38%
whole
38%
alone
31%
coin
31%
Doesn't
31%
Rolling
31%
someone
31%
through
31%
tossed
31%
around
25%
been
25%
cost
25%
first
25%
paradise
25%
same
25%
such
25%
two
25%
past
19%
Run
19%
town
19%
true
19%
Lullabies
6%
No matching quizzes found
Score Distribution
Percent of People with Each Score
Percentile by Number Answered
Your Score History
You have not taken this quiz